| 000 | 00992nam a2200205 a 4500 | ||
|---|---|---|---|
| 001 | 58325 | ||
| 005 | 20180714054909.0 | ||
| 008 | 140415s1985 mx 000 0 spa d | ||
| 020 | _a9682313112 | ||
| 041 | _aspa | ||
| 082 |
_a344.7201 _bBEN |
||
| 245 | 0 | 3 | _aEL DERECHO LABORAL |
| 250 | _a1a ed. | ||
| 260 |
_aMEXICO : _bSIGLO XXI EDITORES, _c1985 |
||
| 300 |
_a53 _c10.5 x 1.8 x 18 |
||
| 490 |
_a"SEPAN CUANTOS..." _v152 |
||
| 520 | _aESTA COLECCION CONSTITUYE UNO DE LOS ESFUERZOS MAS NOTABLES DE LOS INVESTIGADORES DE ASUNTOS LABORALES PARA SISTEMATIZAR , PROFUNDIZAR Y ACLARAR UNA INFORMACION A MENUDO DISPERSA Y QUE CON FRECUENCIA SOLO SE ENCUENTRA EN OBRAS ALTAMENTE ESPECIALIZADAS , CORRESPONDIENDO A TEMAS SOBRE LA PRACTICA MISMA DE LA LUCHA OBRERA , Y DE LOS PROBLEMAS NACIONALES. | ||
| 650 | 1 | 4 |
_aDERECHO LABORAL _xJURISPRUDENCIA _xTRABAJADORES _xMEXICO |
| 700 | 1 |
_aBENSUSAN, GRACIELA -OÑATE, SANTIAGO -ALCALDE JUSTINIANI, ARTURO -CONESA RUIZ, ANA MARIA _ecoaut. |
|
| 999 |
_c58325 _d58325 |
||